Follow that line: Seinfeld Quiz Stats

Quiz not verified by Sporcle

Challenge
Share
Tweet
Embed
Score 0/24 Timer 10:00
0 Plays Today
% Correct
Koko the Monkey.
98.9%
Why not? If she can't find me, she can't break up with me.
97.3%
Not that there's anything wrong with that.
97%
Insanity later.
96.8%
Because they don't want us. You've got to respect that.
96.6%
Course I am the result of my parents having stayed together so ya never know.
96.6%
Before we go any further, I'd just like to point out how disturbing it is that you equate eating a block of cheese with some sort of bachelor paradise.
96.4%
Well if we have to, we have to.
96.2%
I'm a comedian.
96.2%
Yeah, they're the worst.
95.8%
So you're tunnelling to the center of the earth?
95.6%
Cheapness is not a sense.
95.6%
% Correct
Yeah, an instructional video on how to make your own sausage.
95.6%
And you're going to need it...
95.6%
Hey, he only sells them, he doesn't wear them.
95.2%
Now let's push this giant ball of oil out the window.
94.9%
Common sense and a guy in a wheelchair.
94.7%
I was raised to give up. It's one of the few things I do well.
94.7%
I ran out of butter, so I had to use yours. Any other questions, Mr. Nosy?
94.7%
She's batted around and she's back at the top of the order.
94.3%
Maybe they're Wilt Chamberlain's.
93.3%
She went shopping for some shoes for the wedding, and yada yada yada, I'll see her in six to eight months.
92.2%
Jerry, it's 3 a.m. and I'm at a cock fight. What am I clinging to?
91.4%
You're a cashier.
88.6%

You're not logged in!

Compare scores with friends on all Sporcle quizzes.
Sign Up with Email
OR
Log In

You Might Also Like...

Show Comments

Extras

Top Quizzes Today


Score Distribution

Your Account Isn't Verified!

In order to create a playlist on Sporcle, you need to verify the email address you used during registration. Go to your Sporcle Settings to finish the process.